Nursing research: (Record no. 21467)
[ view plain ]
| 000 -LEADER | |
|---|---|
| fixed length control field | 00813nam a2200313 a 4500 |
| 003 - CONTROL NUMBER IDENTIFIER | |
| control field | PILC |
| 005 - DATE AND TIME OF LATEST TRANSACTION | |
| control field | 20150908081157.0 |
| 008 - FIXED-LENGTH DATA ELEMENTS--GENERAL INFORMATION | |
| fixed length control field | 040611s19uu xx 00 eng d |
| 020 ## - INTERNATIONAL STANDARD BOOK NUMBER | |
| International Standard Book Number | 0781756634 |
| 020 ## - INTERNATIONAL STANDARD BOOK NUMBER | |
| International Standard Book Number | 0781737338 |
| 050 ## - LIBRARY OF CONGRESS CALL NUMBER | |
| Classification number | RT 81.5 |
| Item number | .P64 2004 |
| 100 ## - MAIN ENTRY--PERSONAL NAME | |
| Personal name | Polit, Denise F. |
| 245 ## - TITLE STATEMENT | |
| Title | Nursing research: |
| Remainder of title | principles and methods / |
| Statement of responsibility, etc | Denise F. Polit, Chery Tatano Beck. |
| 250 ## - EDITION STATEMENT | |
| Edition statement | 7th edition. |
| 260 ## - PUBLICATION, DISTRIBUTION, ETC. (IMPRINT) | |
| Place of publication, distribution, etc | Philadelphia : |
| Name of publisher, distributor, etc | Lippincott, |
| Date of publication, distribution, etc | 2004. |
| 300 ## - PHYSICAL DESCRIPTION | |
| Extent | 758 pages : |
| Other physical details | illustrations ; |
| Dimensions | 24 cm. |
| 650 ## - SUBJECT ADDED ENTRY--TOPICAL TERM | |
| Topical term or geographic name as entry element | Nursing |
| General subdivision | Research |
| -- | Methodology. |
| 700 ## - ADDED ENTRY--PERSONAL NAME | |
| Personal name | Beck, Cerl Tatano |
| 942 ## - ADDED ENTRY ELEMENTS (KOHA) | |
| Koha item type | Books |
| Source of classification or shelving scheme | Library of Congress Classification |
| Call number prefix | Foreign |
| Withdrawn status | Lost status | Source of classification or shelving scheme | Damaged status | Home library | Current library | Shelving location | Date acquired | Total Checkouts | Full call number | Barcode | Date last seen | Copy number | Price effective from | Koha item type | Source of acquisition | Sub Shelving location |
|---|---|---|---|---|---|---|---|---|---|---|---|---|---|---|---|---|
| Library of Congress Classification | Archives | Archives | 12/12/2013 | RT 81.5 .P64 2004 | C4872 | 05/15/2018 | 2 | 12/12/2013 | Books | Donation | ||||||
| Library of Congress Classification | Archives | Archives | 12/12/2013 | RT 81.5 .P64 2004 | C4868 | 05/15/2018 | 4 | 12/12/2013 | Books | Donation | ||||||
| Library of Congress Classification | Archives | Archives | 12/12/2013 | RT 81.5 .P64 2004 | C4869 | 05/15/2018 | 5 | 12/12/2013 | Books | Donation | ||||||
| Library of Congress Classification | Archives | Archives | 12/12/2013 | RT 81.5 .P64 2004 | C4871 | 05/15/2018 | 7 | 12/12/2013 | Books | Donation | ||||||
| Library of Congress Classification | Archives | Archives | 12/12/2013 | RT 81.5 .P64 2004 | C7030 | 05/15/2018 | 8 | 12/12/2013 | Books | Donation | ||||||
| Library of Congress Classification | Archives | Archives | 12/12/2013 | RT 81.5 .P64 2004 | C7974 | 05/15/2018 | 9 | 12/12/2013 | Books | Donation | ||||||
| Library of Congress Classification | College Library | College Library | General Circulation Section | 12/12/2013 | RT 81.5 .P64 2004 | C7029 | 05/15/2018 | 1 | 12/12/2013 | Books | ||||||
| Library of Congress Classification | College Library | College Library | General Circulation Section | 12/12/2013 | RT 81.5 .P64 2004 | C7028 | 05/15/2018 | 3 | 12/12/2013 | Books | ||||||
| Library of Congress Classification | College Library | College Library | General Circulation Section | 12/12/2013 | RT 81.5 .P64 2004 | C4870 | 05/15/2018 | 6 | 12/12/2013 | Books | ||||||
| Library of Congress Classification | College Library | College Library | General Circulation Section | 09/08/2015 | RT 81.5 .P64 2004 | C19966 | 05/15/2018 | 09/08/2015 | Books | Donation |